000 00529nam a2200193Ia 4500
005 20250508162132.0
008 008 250505s9999 xx 000 0 eng d
020 _a0-7100-8423-4
037 _aTextual
040 _aFEDL
_beng
_cFEDL
041 _aeng
_2eng
084 _a377, STR
_qFEDL
100 _aStrike Kenneth A Ed.
245 0 _aEthics and educational policy
260 _aLondon, UK
_bRoutledge and Kegan Paul
_c1978
300 _axii,225p.
942 _cTEXL
_h377, STR
999 _c1374589
_d1374589